000 00696nam a2200241Ia 4500
003 OSt
005 20221005025131.0
006 a|||||r|||| 00| 0
007 ta
008 221004b |||||||| |||| 00| 0 ben d
024 _a22784
037 _bGift, 12/10/2015,
_cTextual
040 _aCRL
_cCRL
_bben
041 _2ben
_aben
082 _aO157,3(Y:45:61)x, N4
100 _aChattopadhyay K.
_9187692
245 0 _aAnukul barma detective
260 _aCalcutta
_bDey's Publishing India
_c1994
300 _a192p.
_ccm.
650 _aBENGALI LITERATURE
942 _hO157,3(Y:45:61)x, N4
_cTEXL
_2cc
999 _c934168
_d934168